000 01891nam a2200373 a 4500
001 ebr10576221
003 CaPaEBR
006 m u
007 cr cn|||||||||
008 120227s2012 enk sb 001 0 eng d
010 _z 2012005338
020 _z9781409440789 (hardcover : alk. paper)
020 _z9781409440796 (e-book)
040 _aCaPaEBR
_cCaPaEBR
035 _a(OCoLC)801818090
050 1 4 _aBV50.E7
_bD46 2012eb
082 0 4 _a264/.01909
_223
100 1 _aDenysenko, Nicholas E.
245 1 4 _aThe blessing of waters and Epiphany
_h[electronic resource] :
_bthe Eastern liturgical tradition /
_cNicholas E. Denysenko.
260 _aFarnham, Surrey, England ;
_aBurlington, Vt. :
_bAshgate,
_cc2012.
300 _axviii, 237 p.
490 1 _aLiturgy, worship, and society series
504 _aIncludes bibliographical references and index.
505 0 _aIntroduction -- Early history of the blessing of waters -- History of the blessing of waters: stage 1 (8th-10th centuries) -- History of the blessing of waters: stage 2 (11th-13th centuries) -- History of the blessing of waters: stage 3 (14th-16th centuries) -- The origins of the "great are you" prayer -- Memory and praise of the Lord's theophany -- Epiclesis and the gift of the Holy Spirit -- Pastoral considerations -- Conclusion.
533 _aElectronic reproduction.
_bPalo Alto, Calif. :
_cebrary,
_d2011.
_nAvailable via World Wide Web.
_nAccess may be limited to ebrary affiliated libraries.
650 0 _aEpiphany.
650 0 _aHoly water.
650 0 _aBenediction.
650 0 _aWater
_xReligious aspects
_xOrthodox Eastern Church.
655 7 _aElectronic books.
_2local
710 2 _aebrary, Inc.
830 0 _aLiturgy, worship, and society.
856 4 0 _uhttp://site.ebrary.com/lib/rucke/Doc?id=10576221
_zAn electronic book accessible through the World Wide Web; click to view
999 _c190144
_d190144